RER et Transilien : toutes les gares - Statistiques

Statistiques générales
  • Ce quiz a été pris 319 fois
    226 depuis la dernière actualisation
  • Le résultat moyen est 126 sur 444
Statistiques - réponses
gares lignes % Correct
Gare du Nord / Paris-Nord B D H K
79%
Gare-de-Lyon /Paris-Gare-de-Lyon A D R
78%
Auber A
71%
Châtelet - Les Halles A B D
68%
La Défense A E L U
65%
Paris-Est P
64%
Cergy-le-Haut A L
63%
Argenteuil J
57%
Juvisy C D
57%
Saint-Denis D H
57%
Cergy-Préfecture A L
56%
Creil D H
56%
Nanterre-Université A L
56%
Pontoise C H J
56%
Charles-de-Gaulle - Etoile A
54%
Massy - Palaiseau B C V
54%
Paris-Austerlitz C
54%
Paris-Saint-Lazare J L
54%
Melun D R
53%
Poissy A J
53%
Aulnay-sous-Bois B K
51%
Paris-Montparnasse N
51%
Saint-Germain-en-Laye A
50%
Versailles-Chantiers C N U V
50%
Vincennes A
50%
Antony B
49%
Boissy-Saint-Léger A
49%
Mantes-la-Jolie J N
49%
Drancy B
47%
Houilles - Carrières-sur-Seine A J L
47%
Luxembourg B
47%
Nanterre-Préfecture A
47%
Saint-Ouen C
47%
Val de Fontenay A E
47%
Asnières-sur-Seine J L
46%
Cergy-Saint-Christophe A L
46%
Issy C
46%
Magenta E
46%
Marne-la-Vallée - Chessy A
46%
Saint-Michel - Notre-Dame B C
46%
Aéroport Charles-de-Gaulle 1 B
44%
Ermont - Eaubonne C H J
44%
Invalides C
44%
Nation A
44%
Achères - Grand-Cormier A
43%
Achères-Ville A L
43%
Brétigny C
43%
Champigny A
43%
Joinville-le-Pont A
43%
Sartrouville A L
43%
Torcy A
43%
Versailles-Rive-Droite L
43%
Ablon C
42%
Bagneux B
42%
Bondy E
42%
Cité Universitaire B
42%
Denfert-Rochereau B
42%
Dourdan C
42%
Meaux P
42%
Mitry - Claye B K
42%
Port-Royal B
42%
Robinson B
42%
Val d'Europe A
42%
Arcueil - Cachan B
40%
Athis-Mons C
40%
Avenue Foch C
40%
Avenue Henri-Martin C
40%
Bry-sur-Marne A
40%
Bussy-Saint-Georges A
40%
Conflans-Fin-d'Oise A J L
40%
Créteil-Pompadour D
40%
Ivry-sur-Seine C
40%
Le Vésinet - Le Pecq A
40%
Meudon N
40%
Musée d'Orsay C
40%
Nanterre-La-Folie E
40%
Neuilly-Plaisance A
40%
Noisy-le-Sec E
40%
Palaiseau B
40%
Puteaux L U
40%
Rueil-Malmaison A
40%
Saint-Ouen-l'Aumône C H
40%
Saint-Rémy-lès-Chevreuse B
40%
Villepinte B
40%
Boulainvilliers C
39%
Bourg-la-Reine B
39%
Corbeil-Essonnes D
39%
Epinay-sur-Seine C
39%
Garges - Sarcelles D
39%
Haussmann - Saint-Lazare E
39%
La Plaine - Stade de France B
39%
Le Blanc-Mesnil B
39%
Le Bourget B
39%
Lognes A
39%
Neuville-Université A L
39%
Noisiel A
39%
Parc de Sceaux B
39%
Parc des Expositions B
39%
Provins P
39%
Sevran - Beaudottes B
39%
Villeneuve-Saint-Georges D
39%
Yerres D
39%
Aéroport Charles-de-Gaulle 2 TGV B
38%
Avenue du Président-Kennedy C
38%
Clamart N
38%
Etampes C
38%
Evry-Courcouronnes D
38%
Fontenay-sous-Bois A
38%
Gentilly B
38%
Gisors J
38%
La Courneuve - Aubervilliers B
38%
Laplace B
38%
La Verrière N U
38%
Nanterre-Ville A
38%
Neuilly - Porte Maillot C E
38%
Noisy - Champs A
38%
Pantin E
38%
Pont-Cardinet L
38%
Saint-Quentin-en-Yvelines C N U
38%
Savigny-sur-Orge C
38%
Tournan E P
38%
Chelles - Gournay E P
36%
Colombes J
36%
Fontenay-aux-Roses B
36%
Goussainville D
36%
Javel C
36%
Massy - Verrières B C
36%
Montigny - Beauchamp C H
36%
Noisy-le-Grand-Mont d'Est A
36%
Pont de l'Alma C
36%
Rosa-Parks E
36%
Saint-Cloud L U
36%
Sevran - Livry B
36%
Us J
36%
Bibliothèque François-Mitterrand C
35%
Bois-Colombes J
35%
Cernay C H
35%
Champ de Mars - Tour Eiffel C
35%
Dreux N
35%
Fontainebleau - Avon R
35%
Gagny E
35%
Grigny-Centre D
35%
Herblay J
35%
Le Vésinet-Centre A
35%
Montargis R
35%
Osny J
35%
Porte de Clichy C
35%
Rambouillet N
35%
Saint-Martin-d'Etampes C
35%
Sucy - Bonneuil A
35%
Suresnes-Mont-Valérien L U
35%
Vitry-sur-Seine C
35%
Arpajon C
33%
Chatou - Croissy A
33%
Clichy - Levallois L
33%
Epinay-sur-Orge C
33%
Issy - Val de Seine C
33%
La Croix de Berny B
33%
Les Baconnets B
33%
Maisons-Alfort - Alfortville D
33%
Nogent-sur-Marne A
33%
Persan - Beaumont H
33%
Pierrefitte - Stains D
33%
Trappes N U
33%
Andrésy J
32%
Chaville-Rive-Droite L U
32%
Choisy-le-Roi C
32%
Enghien-les-Bains H
32%
Gennevilliers C
32%
Gif-sur-Yvette B
32%
Les Grésillons C
32%
Louvres D
32%
Lozère B
32%
Malesherbes D
32%
Orry-la-Ville - Coye D
32%
Rosny-sous-Bois E
32%
Saint-Cyr C N U
32%
Saint-Maur - Créteil A
32%
Val d'Argenteuil J
32%
Conflans-Sainte-Honorine J
31%
Coulommiers P
31%
Dourdan - La Forêt C
31%
Igny V
31%
Les Mureaux J
31%
Maisons-Laffitte A L
31%
Orsay-Ville B
31%
Ozoir-la-Ferrière E
31%
Palaiseau - Villebon B
31%
Saint-Gratien C
31%
Sceaux B
31%
Villeneuve-le-Roi C
31%
Villeneuve-Triage D
31%
Viroflay-Rive-Gauche C N
31%
Bécon-les-Bruyères L
29%
Chanteloup-les-Vignes J
29%
Gretz-Armainvilliers E
29%
Le Mée D
29%
Le Parc de Saint-Maur A
29%
Le Val d'Or L
29%
Le Vert de Maisons D
29%
Mantes-Station J
29%
Montreuil L
29%
Pont du Garigliano C
29%
Ris-Orangis D
29%
Roissy-en-Brie E
29%
Saint-Michel-sur-Orge C
29%
Saint-Ouen-l'Aumône-Liesse C H
29%
Vert-Galant B
29%
Boussy-Saint-Antoine D
28%
Chaville - Vélizy C
28%
La Borne Blanche D
28%
La Varenne - Chennevières A
28%
Le Guichet B
28%
Limay J
28%
Meudon-Val-Fleury C
28%
Montereau R
28%
Orly-Ville C
28%
Pierrelaye C H
28%
Porchefontaine C
28%
Sainte-Geneviève-des-Bois C
28%
Versailles-Château-Rive-Gauche C
28%
Viry-Châtillon D
28%
Bouray C
26%
Bures-sur-Yvette B
26%
Cesson D
26%
Chantilly - Gouvieux D
26%
Chaville-Rive-Gauche N
26%
Courbevoie L
26%
Fontaine Michalon B
26%
Jouy-en-Josas V
26%
La Garenne-Colombes L
26%
Lardy C
26%
Le Raincy - Villemomble - Montfermeil E
26%
Les Ardoines C
26%
Pereire - Levallois C
26%
Sannois J
26%
Stade de France - Saint-Denis D
26%
Villeparisis - Mitry-le-Neuf B
26%
Bièvres V
25%
Bois-le-Roi R
25%
Boissise-le-Roi D
25%
Brunoy D
25%
Chamarande C
25%
Chars J
25%
Château-Thierry P
25%
Cormeilles-en-Parisis J
25%
Egly C
25%
Epinay - Villetaneuse H
25%
Etréchy C
25%
Franconville - Le Plessis-Bouchard C H
25%
La Hacquinière B
25%
Les Noues D
25%
Le Stade J
25%
Luzarches H
25%
Plaisir - Grignon N
25%
Sèvres - Ville-d'Avray L U
25%
Taverny H
25%
Viroflay-Rive-Droite L
25%
Aubergenville-Elisabethville J
24%
Auvers-sur-Oise H
24%
Ballancourt D
24%
Bonnières J
24%
Crépy-en-Valois K
24%
Esbly P
24%
Essonnes - Robinson D
24%
Houdan N
24%
Juziers J
24%
La Ferté-Alais D
24%
Le Chénay-Gagny E
24%
Marly-le-Roi L
24%
Rosny-Bois-Perrier E
24%
Rungis - La Fraternelle C
24%
Vigneux-sur-Seine D
24%
Villiers-le-Bel - Gonesse - Arnouville D
24%
Bellevue N
22%
Domont H
22%
Emerainville - Pontault-Combault E
22%
Issou - Porcheville J
22%
La Frette - Montigny J
22%
Les Saules C
22%
Nogent - Le Perreux E
22%
Plaisir - Les Clayes N
22%
Rosny-sur-Seine N
22%
Sarcelles - Saint-Brice H
22%
Savigny-le-Temple - Nandy D
22%
Survilliers - Fosses D
22%
Vaucresson L
22%
Vernon - Giverny J
22%
Villiers-sur-Marne - Le Plessis-Trévise E
22%
Bougival L
21%
Champ de Courses d'Enghien H
21%
Coignières N
21%
Combs-la-Ville - Quincy D
21%
Compans K
21%
Courcelle-sur-Yvette B
21%
La Barre - Ormesson H
21%
La Celle-Saint-Cloud L
21%
Lagny - Thorigny P
21%
Les Vallées L
21%
Lieusaint - Moissy D
21%
Louveciennes L
21%
Marolles-en-Hurepoix C
21%
Montgeron - Crosne D
21%
Pont de Rungis - Aéroport d'Orly C
21%
Saint-Chéron C
21%
Saint-Fargeau D
21%
Saint-Nom-la-Bretèche - Forêt de Marly L
21%
Triel-sur-Seine J
21%
Vernouillet - Verneuil J
21%
Epône - Mézières J N
19%
Eragny - Neuville J
19%
Ermont-Halte H
19%
Evry-Val-de-Seine D
19%
Fontainebleau-Forêt R
19%
Groslay H
19%
Maisse D
19%
Orangis - Bois de l'Epine D
19%
Sèvres-Rive-Gauche N
19%
Vaires - Torcy P
19%
Valmondois H
19%
Villabé D
19%
Beynes N
18%
Boissy-l'Aillerie J
18%
Breuillet-Village C
18%
Buno - Gironville D
18%
Champagne-sur-Seine R
18%
Chemin d'Antony C
18%
Garches - Marnes-la-Coquette L
18%
La Ferté-Milon P
18%
Le Bras de Fer - Evry - Génopole D
18%
Le Coudray-Montceaux D
18%
Les Clairières de Verneuil J
18%
Les Yvris-Noisy-le-Grand E
18%
Maule N
18%
Mennecy D
18%
Petit Jouy - Les Loges V
18%
Vanves - Malakoff N
18%
Vauboyen V
18%
Villaines H
18%
Villennes-sur-Seine J
18%
Boutigny D
17%
Breuillet - Bruyères-le-Châtel C
17%
Chaponval H
17%
Chartrettes R
17%
Dammartin - Juilly - Saint-Mard K
17%
Deuil - Montmagny H
17%
Gargenville J
17%
Héricy R
17%
La Norville - Saint-Germain-lès-Arpajon C
17%
Le Plessis-Chenet D
17%
Les Boullereaux-Champigny E
17%
Mériel H
17%
Méry-sur-Oise H
17%
Meulan - Hardricourt J
17%
Moulin-Galant D
17%
Pont-Petit H
17%
Saint-Leu-la-Forêt H
17%
Saint-Ouen-l'Aumône-Quartier de l'Eglise J
17%
Vaux-sur-Seine J
17%
Vosves D
17%
Frépillon H
15%
Grand Bourg D
15%
La Ferté-sous-Jouarre P
15%
Lavilletertre J
15%
Le Perray N
15%
Les Essarts-le-Roi N
15%
L'Etang-la-Ville L
15%
L'Isle-Adam - Parmain H
15%
Longueville P
15%
Marchezais - Broué N
15%
Ormoy-Villers K
15%
Ponthierry - Pringy D
15%
Saint-Mammès R
15%
Santeuil - Le Perchay J
15%
Sermaise C
15%
Trie-Château J
15%
Trilport P
15%
Bagneaux-sur-Loing R
14%
Bouffémont - Moisselles H
14%
Champagne-sur-Oise H
14%
Chaumont-en-Vexin J
14%
Ecouen - Ezanville H
14%
Fontenay-le-Fleury N
14%
Garancières - La Queue N
14%
Gros Noyer - Saint-Prix H
14%
Isles - Armentières - Congis P
14%
Le Plessis-Belleville K
14%
Mareil-sur-Mauldre N
14%
Maurecourt J
14%
Montfort-l'Amaury - Méré N
14%
Montsoult - Maffliers H
14%
Nangis P
14%
Nanteuil-le-Haudouin K
14%
Nanteuil - Saâcy P
14%
Nézel - Aulnay N
14%
Orgerus - Béhoust N
14%
Presles-Courcelles H
14%
Thun-le-Paradis J
14%
Verneuil-l'Etang P
14%
Vulaines-sur-Seine - Samoreau R
14%
Bessancourt H
13%
Boigneville D
13%
Boran-sur-Oise H
13%
Bourron-Marlotte - Grez R
13%
Crouy-sur-Ourcq P
13%
Dordives R
13%
Fontaine-le-Port R
13%
Liancourt-Saint-Pierre J
13%
Livry-sur-Seine R
13%
Lizy-sur-Ourcq P
13%
Marles-en-Brie P
13%
Montgeroult - Courcelles J
13%
Montigny-sur-Loing R
13%
Mormant P
13%
Nointel - Mours H
13%
Seugy H
13%
Thieux - Nantouillet K
13%
Viarmes H
13%
Villiers - Neauphle - Pontchartrain N
13%
Belloy - Saint-Martin H
11%
Champbenoist - Poigny P
11%
Changis - Saint-Jean P
11%
Ferrières - Fontenay R
11%
La Grande-Paroisse R
11%
Moret-Veneux-les-Sablons R
11%
Nemours - Saint-Pierre R
11%
Nogent-l'Artaud - Charly P
11%
Thomery R
11%
Vaucelles H
11%
Villepreux - Les Clayes N
11%
Bruyères-sur-Oise H
10%
Chézy-sur-Marne P
10%
Précy-sur-Oise H
10%
Sainte-Colombe-Septveilles P
10%
Souppes - Château-Landon R
10%
Tacoignières - Richebourg N
10%
Epluches H
8%
Faremoutiers - Pommeuse P
8%
Mareuil-sur-Ourcq P
8%
Mouroux P
8%
Vernou-sur-Seine R
8%
Mortcerf P
7%
Saint-Leu-d'Esserent H
7%
Guérard - La Celle-sur-Morin P
6%
Aucun quiz correspondant
Distribution des résultats
% des personnes avec chaque résultat
Percentile par nombre de réponses
Votre historique - résultats
Vous n’avez pas pris ce quiz depuis la dernière actualisation